Statistics for Zeus's Lovers

Click here to take the quiz!

General Stats

  • This quiz has been taken 15 times
  • The average score is 3 of 11

Answer Stats

HintAnswer% Correct
Zeus's "Wife-Sister"Hera
100%
Mother Of ArtemisLeto
45%
The Only Guy Zeus Slept WithGanymede
27%
Zeus Made Love With Her As A CloudIo
27%
Mother Of HeraclesAlcmene
18%
Mother Of AthenaMetis
18%
Zeus's Daughter, But Still Slept With HerPersephone
18%
Mother Of DionysusSemele
18%
Mother Of The MusesMnemosyne
9%
Hera Turned Her Into A bearCallisto
0%
Zeus Turned Into A Gold Shower For HerDanae
0%

Score Distribution

Percentile by Number Answered

Percent of People with Each Score

Your Score History

You have not taken this quiz